Statistiques concernant Capitales par deux premières lettres (avec carte)

Cliquez ici pour prendre le quiz!

Statistiques générales

  • Ce quiz a été pris 461 fois
  • Le résultat moyen est 174 sur 196

Réponses sur la Carte

Les réponses sont colorées sur une échelle allant du rouge au vert en fonction du pourcentage des utilisateurs qui les ont devinées à leur premier essai. Vous pouvez retrouver ces pourcentages ci-dessous.
 

Statistiques - réponses

Pays% Correct
La paz / Sucre
100%
Palikir
100%
Panama
100%
Paramaribo
100%
Paris
100%
Lomé
99%
Londres
99%
Madrid
99%
Majuro
99%
Malabo
99%
Malé
99%
Managua
99%
Manama
99%
Manille
99%
Maputo
99%
Mascate
99%
Maseru
99%
Yaren
99%
Belgrade
98%
Belmopan
98%
Berlin
98%
Berne
98%
Beyrouth
98%
Le Caire
98%
Libreville
98%
Lilongwe
98%
Lima
98%
Lisbonne
98%
Mogadiscio
98%
Monaco
98%
Monrovia
98%
Montevideo
98%
Moroni
98%
Moscou
98%
Pékin
98%
Pretoria / Le Cap / Bloemfontein
98%
Washington
98%
Brasilia
97%
Bratislava
97%
Brazzaville
97%
Bridgetown
97%
Bruxelles
97%
Canberra
97%
Caracas
97%
Castries
97%
La valette
97%
Ljubljana
97%
Rome
97%
Roseau
97%
Sri Jayawardenepura Kotte / Colombo
97%
Alger
96%
Antananarivo
96%
Bucarest
96%
Budapest
96%
Buenos Aires
96%
Conakry
96%
Copenhague
96%
Dublin
96%
Mexico
96%
Saint-Domingue
96%
Saint George's
96%
Saint John's
96%
Saint-Marin
96%
Sanaa
96%
San José
96%
San Salvador
96%
Santiago
96%
Sao Tomé
96%
Sarajevo
96%
Tokyo
96%
Amman
95%
Amsterdam
95%
La Havane
95%
Rabat
95%
Andorre-la-Vieille
94%
Ankara
94%
Athènes
94%
Helsinki
94%
Luanda
94%
Lusaka
94%
Luxembourg
94%
Noursoultan
94%
Ottawa
94%
Tunis
94%
Vaduz
94%
Varsovie
94%
Vatican
94%
Bagdad
93%
Bakou
93%
Bamako
93%
Bandar Seri Begawan
93%
Bangkok
93%
Bangui
93%
Banjul
93%
Basseterre
93%
Kiev
93%
Kigali
93%
Kingston
93%
Kingstown
93%
Kinshasa
93%
New Delhi
93%
Oslo
93%
Podgorica
93%
Port-au-Prince
93%
Port-d'Espagne
93%
Port-Louis
93%
Port Moresby
93%
Porto-Novo
93%
Port-Vila
93%
Reykjavik
93%
Séoul
93%
Victoria
93%
Vienne
93%
Vientiane
93%
Vilnius
93%
Dacca
92%
Dakar
92%
Damas
92%
Tachkent
92%
Taipei
92%
Tallinn
92%
Tarawa
92%
Jérusalem
91%
Jakarta
90%
Minsk
90%
Riga
90%
Riyad
90%
Sofia
90%
Stockholm
90%
Bogota
89%
Khartoum
89%
Zagreb
89%
Kaboul
88%
Kampala
88%
Katmandou
88%
Dodoma
87%
Doha
87%
Douchanbé
87%
Prague
87%
Praia
87%
Pristina
87%
Hanoï
86%
Harare
86%
Nairobi
86%
Nassau
86%
Naypyidaw
86%
Tegucigalpa
86%
Téhéran
86%
Tirana
86%
Asmara
85%
Asuncion
85%
Niamey
85%
Nicosie
85%
Quito
84%
Wellington
84%
Abou Dabi
81%
Abuja
81%
Nouakchott
81%
Pyongyang
81%
Tripoli
81%
Bichkek
80%
Bissau
80%
Ouagadougou
80%
Oulan-Bator
80%
Addis-Abeba
79%
Guatemala
79%
Islamabad
78%
Chișinău
77%
Koweït
77%
Kuala Lumpur
77%
Yamoussoukro
77%
Yaoundé
77%
Georgetown
74%
Singapour
74%
Accra
73%
Achgabat
73%
Erevan
73%
Gaborone
73%
Suva
71%
Djibouti
70%
Djouba
70%
Dili
69%
Skopje
68%
Freetown
67%
Phnom Penh
67%
Windhoek
66%
Honiara
62%
Nuku'alofa
62%
Tbilissi
61%
Gitega
58%
Thimphou
58%
Funafuti
57%
Ndjamena
57%
Apia
55%
Mbabane
47%
Ngerulmud
34%

Distribution des résultats

Percentile par nombre de réponses

% des personnes avec chaque résultat

Votre développement - résultats

Vous n’avez pas pris ce quiz